000 00853nam a2200265Ia 4500
003 OSt
005 20220925195322.0
006 a|||||r|||| 00| 0
007 ta
008 220923b |||||||| |||| 00| 0 eng d
020 _a1840641053
037 _cGeneral Book
040 _aRTL
_cRTL
_beng
041 _2eng
_aeng
082 _aX4:(G:55), P1
100 _aFeitelson Eran Ed.
_9254137
245 0 _aTransport and envionment
_b In search of sustainable solutions
260 _aCheltenham
_bEdward Elgar U K
_c2001
300 _axiii,295p
_ccm.
490 _aTransport Economics, Management And Policy Series
650 _aTransport Economics -- United State
_9238427
700 _a Verhoef Erik T Ed.
_9254138
942 _hX4:(G:55), P1
_cGB
_2CC
999 _c532527
_d532527